Predicting User Performance and Errors Automated Usability Evaluation Through Computational Introspection of Model-Based User Interfaces /

This book proposes a combination of cognitive modeling with model-based user interface development to tackle the problem of maintaining the usability of applications that target several device types at once (e.g., desktop PC, smart phone, smart TV). Model-based applications provide interesting meta-...

Full description

Bibliographic Details
Main Author: Halbrügge, Marc (Author, http://id.loc.gov/vocabulary/relators/aut)
Corporate Author: SpringerLink (Online service)
Format: Electronic eBook
Language:English
Published: Cham : Springer International Publishing : Imprint: Springer, 2018.
Edition:1st ed. 2018.
Series:T-Labs Series in Telecommunication Services,
Subjects:
Online Access:Full Text via HEAL-Link
LEADER 04243nam a2200529 4500
001 978-3-319-60369-8
003 DE-He213
005 20191025221121.0
007 cr nn 008mamaa
008 170720s2018 gw | s |||| 0|eng d
020 |a 9783319603698  |9 978-3-319-60369-8 
024 7 |a 10.1007/978-3-319-60369-8  |2 doi 
040 |d GrThAP 
050 4 |a QA76.9.U83 
050 4 |a QA76.9.H85 
072 7 |a UYZG  |2 bicssc 
072 7 |a COM070000  |2 bisacsh 
072 7 |a UYZG  |2 thema 
082 0 4 |a 005.437  |2 23 
082 0 4 |a 4.019  |2 23 
100 1 |a Halbrügge, Marc.  |e author.  |4 aut  |4 http://id.loc.gov/vocabulary/relators/aut 
245 1 0 |a Predicting User Performance and Errors  |h [electronic resource] :  |b Automated Usability Evaluation Through Computational Introspection of Model-Based User Interfaces /  |c by Marc Halbrügge. 
250 |a 1st ed. 2018. 
264 1 |a Cham :  |b Springer International Publishing :  |b Imprint: Springer,  |c 2018. 
300 |a XVI, 149 p. 44 illus., 17 illus. in color.  |b online resource. 
336 |a text  |b txt  |2 rdacontent 
337 |a computer  |b c  |2 rdamedia 
338 |a online resource  |b cr  |2 rdacarrier 
347 |a text file  |b PDF  |2 rda 
490 1 |a T-Labs Series in Telecommunication Services,  |x 2192-2810 
505 0 |a Introduction -- Part I Theoretical Background and Related Work: Interactive Behavior and Human Error -- Model-Based UI Development (MBUID) -- Automated Usability Evaluation (AUE) -- Part II Empirical Results and Model Development: Introspection-Based Predictions of Human Performance -- Explaining and Predicting Sequential Error in HCI With Cognitive User Models -- The Competent User: How Prior Knowledge Shapes Performance and Errors -- A Deeply Integrated System for Introspection-Based Error Prediction -- The Unknown User: Does Optimizing for Errors and Time Lead to More Likable Systems?- General Discussion and Conclusion. 
520 |a This book proposes a combination of cognitive modeling with model-based user interface development to tackle the problem of maintaining the usability of applications that target several device types at once (e.g., desktop PC, smart phone, smart TV). Model-based applications provide interesting meta-information about the elements of the user interface (UI) that are accessible through computational introspection. Cognitive user models can capitalize on this meta-information to provide improved predictions of the interaction behavior of future human users of applications under development. In order to achieve this, cognitive processes that link UI properties to usability aspects like effectiveness (user error) and efficiency (task completion time) are established empirically, are explained through cognitive modeling, and are validated in the course of this treatise. In the case of user error, the book develops an extended model of sequential action control based on the Memory for Goals theory and it is confirmed in different behavioral domains and experimental paradigms. This new model of user cognition and behavior is implemented using the MeMo workbench and integrated with the model-based application framework MASP in order to provide automated usability predictions from early software development stages on. Finally, the validity of the resulting integrated system is confirmed by empirical data from a new application, eliciting unexpected behavioral patterns. 
650 0 |a User interfaces (Computer systems). 
650 0 |a Signal processing. 
650 0 |a Image processing. 
650 0 |a Speech processing systems. 
650 1 4 |a User Interfaces and Human Computer Interaction.  |0 http://scigraph.springernature.com/things/product-market-codes/I18067 
650 2 4 |a Signal, Image and Speech Processing.  |0 http://scigraph.springernature.com/things/product-market-codes/T24051 
710 2 |a SpringerLink (Online service) 
773 0 |t Springer eBooks 
776 0 8 |i Printed edition:  |z 9783319603681 
776 0 8 |i Printed edition:  |z 9783319603704 
776 0 8 |i Printed edition:  |z 9783319868493 
830 0 |a T-Labs Series in Telecommunication Services,  |x 2192-2810 
856 4 0 |u https://doi.org/10.1007/978-3-319-60369-8  |z Full Text via HEAL-Link 
912 |a ZDB-2-ENG 
950 |a Engineering (Springer-11647)